Estadísticas para Prueba de Eritrea

Haz click aquí para tomar la prueba!

Estadísticas generales

  • Esta prueba ha sido tomada 680 veces
  • La puntuación promedio es 10 de 16

Estadísticas de respuestas

PistaRespuesta% Correcto
El país más pequeño que limita con EritreaYibuti
94%
El país más grande que limita con EritreaSudán
93%
País asiático situado a sólo 38 km de distanciaYemen
93%
Eritrea toca este marMar Rojo
92%
País del que Eritrea se independizó en 1993Etiopía
91%
País europeo que colonizó Eritrea entre 1882 y 1936Italia
90%
Península de la que Eritrea forma parte{Cuerno} de África
86%
El apodo de esa ciudad, basado en la arquitectura de su período colonialLa Pequeña {Roma}
64%
Capital de EritreaAsmara
62%
El nombre "Eritrea" proviene de "Erythraea", un nombre antiguo
para el mar fronterizo. ¿De qué idioma proviene este nombre?
Griego
62%
La mayoría de los cristianos de Eritrea pertenecen a esta rama del cristianismoOrtodoxo Oriental
62%
La cocina eritrea que a menudo se sirve
en injera, que es un tipo de ____ esponjoso
Pan
37%
El tipo de animal que aparece en el emblema nacionalCamello
27%
La lengua más habladaTigriña
23%
Antiguo reino que cubría la mayor parte del
territorio de Eritrea entre el 100 y el 940 d.C.
Axum
17%
Eritrea es el único país africano cuyo sistema
político es oficialmente un Estado ________
Unipartidario
13%

Distribución de puntuación

Porcentaje por número respondido

Porcentaje de gente con cada puntuación

Historial de tus puntuaciones

No has tomado esta prueba